Online Catalogue and eLibrary

Recovering the self : (Record no. 987)

MARC details
000 -LEADER
fixed length control field 00245nam a2200097Ia 4500
008 - FIXED-LENGTH DATA ELEMENTS--GENERAL INFORMATION
fixed length control field 240331s9999 xx 000 0 und d
082 ## - DDC Classification
Class No. 300.1
Item Number - Author Mark SEI
100 ## - MAIN ENTRY--PERSONAL NAME
Personal name Seidler, V. J
245 #0 - TITLE STATEMENT
Title Recovering the self :
Remainder of title morality and social theory
942 ## - Koha item type (Biblio)
Koha item type Books in Stacks (Lending)
Holdings
Lost status Damaged status Collection code Home library Current library Shelving location Date acquired Full call number Accession Number Item type
    Lending WERC Library WERC Library Social Science Cupboard 03/31/2024 300.1 SEI 3981 Books in Stacks (Lending)

© WERC Library